[Event "FICGS W-ch st2 g02 email"]
[Site "FICGS email"]
[Date "2022.11.15"]
[Round "1"]
[White "Hybl, Vladislav"]
[Black "Markus, Roland"]
[Result "0-1"]
[WhiteElo "2330"]
[BlackElo "2313"]
[PlyCount "42"]
[EventDate "2022.??.??"]
[EventType "tourn (corr)"]
[EventRounds "6"]
[SourceTitle "Corr 2024"]
[Source "ChessBase"]
[SourceDate "2023.10.19"]
[SourceVersion "1"]
[SourceVersionDate "2023.10.19"]
[SourceQuality "1"]

1. d4 Nf6 2. c4 e6 3. Nf3 d5 4. Nc3 Bb4 5. Qa4+ Nc6 6. e3 0-0 7. Qc2 Re8 8. Bd2 Bf8 9. Be2 b6 10. 0-0 Nb4 11. Qa4 dxc4 12. Bxc4 a6 13. Ne2 Bd7 14. Qb3 c5 15. dxc5 bxc5 16. Rfd1 a5 17. a4 Qc7 18. Bc3 Bc6 19. Bxf6 gxf6 20. Bb5 Bxb5 21. axb5 c4 0-1

[Event "FICGS rapid SM 000026 email"]
[Site "FICGS email"]
[Date "2022.08.06"]
[Round "1"]
[White "Markus, Roland"]
[Black "Kerr, Graham"]
[Result "1/2-1/2"]
[WhiteElo "2314"]
[BlackElo "2311"]
[PlyCount "41"]
[EventDate "2022.??.??"]
[EventType "tourn (rapid)"]
[EventRounds "1"]
[SourceTitle "Corr 2024"]
[Source "ChessBase"]
[SourceDate "2023.10.19"]
[SourceVersion "1"]
[SourceVersionDate "2023.10.19"]
[SourceQuality "1"]

1. b3 e5 2. Bb2 Nc6 3. e3 Nf6 4. Nf3 e4 5. Nd4 h5 6. c4 Bc5 7. d3 Nxd4 8. exd4 Bb4+ 9. Bc3 Be7 10. d5 c6 11. Be2 0-0 12. dxe4 Nxe4 13. 0-0 Bf6 14. Bxf6 Qxf6 15. Na3 h4 16. Qc2 cxd5 17. cxd5 Nd6 18. h3 b6 19. Nb5 Nxb5 20. Bxb5 a6 21. Be2 1/2-1/2

[Event "FICGS rapid SM 000026 email"]
[Site "FICGS email"]
[Date "2022.08.06"]
[Round "1"]
[White "Wosch, Arkadiusz"]
[Black "Markus, Roland"]
[Result "1/2-1/2"]
[WhiteElo "2300"]
[BlackElo "2314"]
[PlyCount "54"]
[EventDate "2022.??.??"]
[EventType "tourn (rapid)"]
[EventRounds "1"]
[SourceTitle "Corr 2024"]
[Source "ChessBase"]
[SourceDate "2023.10.19"]
[SourceVersion "1"]
[SourceVersionDate "2023.10.19"]
[SourceQuality "1"]

1. e4 e5 2. Nf3 Nc6 3. Bc4 Nf6 4. d3 Bc5 5. c3 d6 6. 0-0 0-0 7. Re1 a5 8. Nbd2 Be6 9. Bb3 Bxb3 10. Nxb3 Bb6 11. Bg5 h6 12. Bh4 Qe7 13. h3 a4 14. Nbd2 Qe6 15. Nc4 Ba7 16. Bxf6 Qxf6 17. Ne3 Bxe3 18. Rxe3 Ne7 19. a3 Qe6 20. d4 Ng6 21. Rc1 Nf4 22. Kh2 f5 23. exf5 Rxf5 24. dxe5 dxe5 25. Qf1 Nd5 26. Re4 Nf6 27. Nd4 Qa6 1/2-1/2

[Event "FICGS W-ch st1 gM 01 email"]
[Site "FICGS email"]
[Date "2022.03.14"]
[Round "1"]
[White "Hybl, Vladislav"]
[Black "Markus, Roland"]
[Result "1/2-1/2"]
[WhiteElo "2368"]
[BlackElo "2301"]
[PlyCount "52"]
[EventDate "2022.??.??"]
[EventType "tourn (corr)"]
[EventRounds "6"]
[EventCategory "1"]
[SourceTitle "Corr 2024"]
[Source "ChessBase"]
[SourceDate "2023.10.19"]
[SourceVersion "1"]
[SourceVersionDate "2023.10.19"]
[SourceQuality "1"]

1. e4 e5 2. Nf3 Nc6 3. Bb5 a6 4. Ba4 Nf6 5. 0-0 Be7 6. Re1 b5 7. Bb3 0-0 8. c3 d5 9. exd5 Nxd5 10. Nxe5 Nxe5 11. Rxe5 c6 12. d4 Bd6 13. Re1 Qh4 14. g3 Qh3 15. Qd3 Bf5 16. Qf1 Rae8 17. Be3 Qh5 18. Nd2 Bh3 19. Bd1 Qf5 20. Qe2 c5 21. Nf3 Nxe3 22. fxe3 cxd4 23. Nxd4 Qc8 24. Qf3 Re5 25. g4 Bxg4 26. Qxg4 Qxg4+ 1/2-1/2

[Event "FICGS W-ch st1 gM 01 email"]
[Site "FICGS email"]
[Date "2022.03.14"]
[Round "1"]
[White "Markus, Roland"]
[Black "B Oliveira, Marcio"]
[Result "1/2-1/2"]
[WhiteElo "2301"]
[BlackElo "2314"]
[PlyCount "99"]
[EventDate "2022.??.??"]
[EventType "tourn (corr)"]
[EventRounds "6"]
[EventCategory "1"]
[SourceTitle "Corr 2024"]
[Source "ChessBase"]
[SourceDate "2023.10.19"]
[SourceVersion "1"]
[SourceVersionDate "2023.10.19"]
[SourceQuality "1"]

1. e4 c5 2. Nf3 d6 3. d4 cxd4 4. Nxd4 Nf6 5. Nc3 a6 6. Be3 e5 7. Nb3 Be6 8. f3 h5 9. Qd2 Nbd7 10. Nd5 Bxd5 11. exd5 g6 12. 0-0-0 Nb6 13. Kb1 Nbxd5 14. Bg5 Be7 15. Bd3 Qc7 16. Rhe1 Nb6 17. Qf2 0-0-0 18. Bd2 Nfd7 19. Ba5 Qc6 20. f4 f5 21. Bf1 Kb8 22. Rd3 Rhe8 23. Rc3 Nc5 24. Nxc5 dxc5 25. Rb3 c4 26. Rxb6 Bc5 27. Qf3 Qxf3 28. gxf3 Bxb6 29. Bxb6 exf4 30. Rc1 Rd6 31. Bc5 Rc6 32. Bf2 g5 33. b3 b5 34. bxc4 bxc4 35. Kb2 g4 36. Rd1 c3+ 37. Kb3 Kc7 38. a4 Rb8+ 39. Ka3 Rd6 40. Rxd6 Kxd6 41. Bxa6 h4 42. Bxh4 Rh8 43. Bg5 Ke5 44. Bd3 Rxh2 45. Bd8 g3 46. Bc7+ Kd4 47. Bxf4 Rh3 48. Bc7 g2 49. Bb6+ Ke5 50. a5 1/2-1/2

[Event "ST-2021-0-00205"]
[Site "LSS email"]
[Date "2021.11.14"]
[Round "?"]
[White "Cornel, Matei"]
[Black "Markus, Roland"]
[Result "1/2-1/2"]
[WhiteElo "2357"]
[BlackElo "2401"]
[PlyCount "51"]
[EventDate "2021.10.21"]
[EventType "tourn (corr)"]
[EventRounds "6"]
[EventCountry "GER"]
[SourceTitle "Corr 2024"]
[Source "ChessBase"]
[SourceDate "2023.10.19"]
[SourceVersion "1"]
[SourceVersionDate "2023.10.19"]
[SourceQuality "1"]

1. d4 Nf6 2. c4 e6 3. Nf3 d5 4. Nc3 Bb4 5. Qa4+ Nc6 6. e3 0-0 7. Qc2 Re8 8. Bd2 a6 9. a3 Bd6 10. h3 Bd7 11. Bd3 dxc4 12. Bxc4 h6 13. 0-0 e5 14. Rac1 Qe7 15. d5 Na5 16. Bd3 b5 17. Rfd1 Rac8 18. Be1 Nb7 19. Nd2 Nc5 20. Bf1 e4 21. b4 Nb7 22. g3 c5 23. dxc6 Bxc6 24. Qb1 h5 25. h4 Rc7 26. Nb3 1/2-1/2

[Event "FICGS rapid SM 000025 email"]
[Site "FICGS email"]
[Date "2021.09.10"]
[Round "1"]
[White "Kerr, Graham"]
[Black "Markus, Roland"]
[Result "1/2-1/2"]
[WhiteElo "2288"]
[BlackElo "2312"]
[PlyCount "50"]
[EventDate "2021.??.??"]
[EventType "tourn (rapid)"]
[EventRounds "1"]
[SourceTitle "Corr 2024"]
[Source "ChessBase"]
[SourceDate "2023.10.19"]
[SourceVersion "1"]
[SourceVersionDate "2023.10.19"]
[SourceQuality "1"]

1. d4 Nf6 2. Nf3 e6 3. g3 c5 4. Bg2 cxd4 5. Nxd4 d5 6. 0-0 e5 7. Nb3 Be6 8. Nc3 Be7 9. Bg5 Nbd7 10. f4 exf4 11. gxf4 h6 12. Bh4 Nb6 13. f5 Bd7 14. e4 dxe4 15. Bxf6 Bxf6 16. Nxe4 Bxb2 17. Rb1 Be5 18. Qh5 Qc7 19. Nbc5 Bd4+ 20. Kh1 Bxc5 21. f6 g5 22. Nxg5 0-0-0 23. Nxf7 Be8 24. Qh3+ Bd7 25. Qh5 Be8 1/2-1/2